000
00338nam a2200133Ia 4500
008
240624s9999 xx 000 0 und d
041
_a
eng
082
_a
031 SAF
100
_a
#N/A
245
_a
NEW ENCYCLOPAEDIA BRITANNICA MACROPAEDIA XXVII
250
_a
(15th ed.)
260
_c
2003
_a
Chicago
_b
Encyclopaedia Britannica
300
_a
1026
999
_c
1351
_d
1351